[Event "Negambo op 4th"]
[Site "Negambo"]
[Date "2018.08.20"]
[Round "10"]
[White "Peiris, TGM"]
[Black "Silva, Kevin Ranidu"]
[Result "1-0"]
[WhiteElo "2073"]
[BlackElo "1813"]
[PlyCount "145"]
[EventDate "2018.08.16"]
[EventType "swiss"]
[EventRounds "10"]
[EventCountry "SRI"]
[SourceTitle "CBM 186 Extra"]
[Source "ChessBase"]
[SourceDate "2018.08.24"]
[SourceVersion "1"]
[SourceVersionDate "2018.08.24"]
[SourceQuality "1"]

1. e4 d5 2. exd5 Qxd5 3. Nc3 Qd6 4. d4 Nf6 5. g3 g6 6. Bf4 Qd8 7. Bg2 c6 8. Qd2 Be6 9. Nge2 Na6 10. 0-0 Nb4 11. Rfd1 Nbd5 12. Be5 Bg7 13. Na4 0-0 14. Nc5 Qc8 15. c4 Nb6 16. Nxe6 Qxe6 17. b3 Qd7 18. Qc3 Rfd8 19. a4 a5 20. f4 Ne8 21. Bxg7 Nxg7 22. Rd3 Qf5 23. Rad1 Ne6 24. Re3 Qf6 25. h4 Ng7 26. Re5 Rac8 27. Qxa5 Nd7 28. Re3 Nf5 29. Red3 Qe6 30. Qd2 Nf6 31. Bh3 h5 32. Bxf5 Qxf5 33. Nc3 e6 34. Qe2 Qh3 35. Ne4 Nxe4 36. Qxe4 b5 37. axb5 cxb5 38. c5 Ra8 39. Qg2 Qf5 40. d5 Ra1 41. Qe2 Rxd1+ 42. Rxd1 Rxd5 43. Rxd5 Qxd5 44. Qxb5 Qd1+ 45. Kf2 Qc2+ 46. Kf3 Qc3+ 47. Ke2 Qc2+ 48. Ke3 Qc3+ 49. Qd3 Qxc5+ 50. Kd2 Qf2+ 51. Kc3 Qc5+ 52. Kb2 Qf2+ 53. Ka3 Qa7+ 54. Kb4 Qb6+ 55. Qb5 Qd4+ 56. Ka3 Qa1+ 57. Kb4 Qd4+ 58. Ka5 Qa7+ 59. Qa6 Qc5+ 60. Ka4 Qd4+ 61. b4 Qd5 62. Qc8+ Kh7 63. Qc7 Qa2+ 64. Kb5 Qd5+ 65. Ka6 Qa8+ 66. Kb6 Kg7 67. b5 Kg8 68. Qb7 Qd8+ 69. Ka7 Qd4+ 70. Ka8 Kg7 71. Qc6 Qd8+ 72. Kb7 Kh7 73. b6 1-0

[Event "SRI-ch"]
[Site "Colombo"]
[Date "2018.05.12"]
[Round "11"]
[White "Peiris, TGM"]
[Black "Jayawardana, Lasal"]
[Result "1-0"]
[WhiteElo "2091"]
[BlackElo "1909"]
[PlyCount "103"]
[EventDate "2018.05.04"]
[EventType "tourn"]
[EventRounds "13"]
[EventCountry "SRI"]
[SourceTitle "CBM 184 Extra"]
[Source "ChessBase"]
[SourceDate "2018.06.28"]
[SourceVersion "1"]
[SourceVersionDate "2018.06.28"]
[SourceQuality "1"]

1. Nf3 g6 2. c4 Bg7 3. Nc3 d6 4. g3 Nc6 5. Bg2 e5 6. d3 h6 7. 0-0 f5 8. Rb1 Nge7 9. Bd2 0-0 10. b4 Nd4 11. Nxd4 exd4 12. Nd5 c6 13. Nf4 Qc7 14. Nh3 Be6 15. a3 g5 16. f4 g4 17. Nf2 d5 18. Qc2 Rfe8 19. Nd1 Rad8 20. Be1 Bf7 21. Bf2 dxc4 22. dxc4 Qd6 23. Nb2 Qe6 24. Rbd1 Nc8 25. Rfe1 Nd6 26. e3 d3 27. Rxd3 Nxc4 28. Rxd8 Rxd8 29. Nxc4 Qxc4 30. Qxf5 Qa2 31. Qxg4 Rd2 32. Rd1 Rxd1+ 33. Qxd1 Qxa3 34. e4 Qa1 35. Qxa1 Bxa1 36. Bxa7 Bc3 37. Bc5 b6 38. Bxb6 Bxb4 39. Be3 c5 40. e5 Bb3 41. Kf2 Kf7 42. f5 Bc3 43. e6+ Kf6 44. g4 Bd4 45. h3 Bc4 46. Bc6 h5 47. Kf3 Bb3 48. Bxd4+ cxd4 49. Kf4 d3 50. g5+ Ke7 51. Ke3 Ba2 52. Be4 1-0

[Event "SRI-ch"]
[Site "Colombo"]
[Date "2018.05.11"]
[Round "9"]
[White "Piyumantha, M Sasith Nipun"]
[Black "Peiris, TGM"]
[Result "1-0"]
[WhiteElo "2219"]
[BlackElo "2091"]
[PlyCount "87"]
[EventDate "2018.05.04"]
[EventType "tourn"]
[EventRounds "13"]
[EventCountry "SRI"]
[SourceTitle "CBM 184 Extra"]
[Source "ChessBase"]
[SourceDate "2018.06.28"]
[SourceVersion "1"]
[SourceVersionDate "2018.06.28"]
[SourceQuality "1"]

1. d4 d5 2. c4 e6 3. Nf3 Nf6 4. g3 Be7 5. Bg2 0-0 6. 0-0 c6 7. Qc2 b6 8. b3 Bb7 9. Bb2 Na6 10. Nc3 h6 11. e4 Qb8 12. a3 Nc7 13. Rfe1 Rc8 14. Rad1 a5 15. Ne5 Rd8 16. Qe2 Re8 17. Qc2 Qa7 18. g4 Rad8 19. h3 Bf8 20. Bc1 dxc4 21. bxc4 b5 22. c5 Nd7 23. Nxd7 Rxd7 24. e5 Nd5 25. Nxd5 exd5 26. f4 Ba6 27. Bd2 Bc8 28. f5 Rb7 29. Rb1 Bd7 30. Qc3 Ra8 31. Qf3 Be8 32. h4 b4 33. axb4 axb4 34. Rxb4 Rab8 35. Rxb7 Rxb7 36. g5 hxg5 37. hxg5 Qa2 38. Be3 Rb3 39. f6 Qc2 40. Bh3 Qh7 41. Bf5 Qh4 42. Qf2 Qh5 43. Kg2 g6 44. Rh1 1-0

[Event "SRI-ch"]
[Site "Colombo"]
[Date "2018.05.07"]
[Round "6"]
[White "Peiris, TGM"]
[Black "Doluweera, Minul Sanjula"]
[Result "1/2-1/2"]
[WhiteElo "2091"]
[BlackElo "2254"]
[PlyCount "85"]
[EventDate "2018.05.04"]
[EventType "tourn"]
[EventRounds "13"]
[EventCountry "SRI"]
[SourceTitle "CBM 184 Extra"]
[Source "ChessBase"]
[SourceDate "2018.06.28"]
[SourceVersion "1"]
[SourceVersionDate "2018.06.28"]
[SourceQuality "1"]

1. e4 c5 2. Nf3 d6 3. c3 Nf6 4. Bd3 g6 5. 0-0 Bg7 6. Bb5+ Nbd7 7. Re1 a6 8. Bf1 0-0 9. d4 b5 10. e5 Ne8 11. Bf4 cxd4 12. cxd4 Nb6 13. Nbd2 Bb7 14. h3 h6 15. Rc1 Nd5 16. Bg3 f5 17. exf6 Nexf6 18. Nh4 Nh5 19. Qg4 Nxg3 20. fxg3 g5 21. Qe6+ Rf7 22. Nf5 Qf8 23. Bd3 Kh8 24. Nxg7 Qxg7 25. Kh2 Raf8 26. Ne4 Nb4 27. Bb1 Bd5 28. Qg4 Nc6 29. h4 gxh4 30. Qxh4 Nxd4 31. Ng5 Rf2 32. Rxe7 Qf6 33. Rh7+ Kg8 34. Qxh6 Rxg2+ 35. Kh3 Rh2+ 36. Kxh2 Qf2+ 37. Kh3 Qg2+ 38. Kh4 Qh2+ 39. Nh3 Nf3+ 40. Kg4 Ne5+ 41. Kh4 Nf3+ 42. Kg4 Ne5+ 43. Kh4 1/2-1/2

[Event "SRI-ch"]
[Site "Colombo"]
[Date "2018.05.05"]
[Round "3"]
[White "Jayaweera, CL."]
[Black "Peiris, TGM"]
[Result "1/2-1/2"]
[WhiteElo "1787"]
[BlackElo "2091"]
[PlyCount "56"]
[EventDate "2018.05.04"]
[EventType "tourn"]
[EventRounds "13"]
[EventCountry "SRI"]
[SourceTitle "CBM 184 Extra"]
[Source "ChessBase"]
[SourceDate "2018.06.28"]
[SourceVersion "1"]
[SourceVersionDate "2018.06.28"]
[SourceQuality "1"]

1. d4 Nf6 2. Nf3 e6 3. e3 d5 4. Bd3 c5 5. b3 Nc6 6. 0-0 cxd4 7. exd4 Be7 8. Bb2 0-0 9. Nbd2 b6 10. Ne5 Bb7 11. f4 Rc8 12. a3 Rc7 13. Rf3 Ne4 14. Rh3 g6 15. Qe2 f5 16. Ndf3 Nxe5 17. Nxe5 Bf6 18. Rf1 Bxe5 19. fxe5 Qe7 20. Bc1 Re8 21. g4 Rf8 22. gxf5 exf5 23. Qg2 Bc8 24. c4 Be6 25. Rhf3 Qd8 26. Be3 Rff7 27. Bxe4 fxe4 28. Rf6 Qc8 1/2-1/2

[Event "SRI-chB"]
[Site "Colombo"]
[Date "2018.03.02"]
[Round "3"]
[White "Peiris, TGM"]
[Black "De Silva, LMST"]
[Result "1-0"]
[WhiteElo "2142"]
[BlackElo "1620"]
[PlyCount "99"]
[EventDate "2018.03.01"]
[EventType "swiss"]
[EventRounds "10"]
[EventCountry "SRI"]
[SourceTitle "EXT 2019"]
[Source "ChessBase"]
[SourceDate "2018.10.10"]
[SourceVersion "1"]
[SourceVersionDate "2018.10.10"]
[SourceQuality "1"]

1. d4 Nf6 2. Nf3 e6 3. Bf4 d5 4. e3 Bd6 5. Bg3 0-0 6. Nbd2 c5 7. c3 Nc6 8. Bb5 cxd4 9. cxd4 a6 10. Bxc6 bxc6 11. Qc2 Bb7 12. 0-0 Rc8 13. Bxd6 Qxd6 14. Nb3 Nd7 15. Rac1 e5 16. dxe5 Nxe5 17. Nxe5 Qxe5 18. Qc3 Qh5 19. Nc5 Rc7 20. Rfd1 Bc8 21. Nd3 Be6 22. Qa5 Rcc8 23. a3 h6 24. Qxa6 c5 25. Nf4 Qe5 26. Qe2 Rfe8 27. Rd2 c4 28. Qd1 Red8 29. Rc3 Rc7 30. Ne2 Bf5 31. f4 Qe8 32. Rxd5 Rxd5 33. Qxd5 Bd3 34. Kf2 Re7 35. Qc5 Rb7 36. b4 Rb5 37. Qd4 Qa8 38. Ng3 Rd5 39. Qb6 Bb1 40. Nf1 Bd3 41. Ng3 Bb1 42. e4 Rd7 43. Qe3 Ba2 44. Nf5 Kh7 45. Nd4 Qa7 46. Ne2 Qb7 47. h4 Qb5 48. Ng3 Rd3 49. Rxd3 cxd3 50. Nf1 1-0

[Event "London Classic Super rapid 8th"]
[Site "London"]
[Date "2016.12.17"]
[Round "2"]
[White "Peiris, TGM"]
[Black "Istratescu, Andrei"]
[Result "0-1"]
[WhiteElo "2134"]
[BlackElo "2596"]
[PlyCount "118"]
[EventDate "2016.12.17"]
[EventType "swiss (rapid)"]
[EventRounds "10"]
[EventCountry "ENG"]
[SourceTitle "CBM 176 Extra"]
[Source "ChessBase"]
[SourceDate "2017.03.02"]
[SourceVersion "1"]
[SourceVersionDate "2017.03.02"]
[SourceQuality "1"]

1. e4 c5 2. Nf3 e6 3. g3 Nf6 4. Qe2 Nc6 5. Bg2 d6 6. 0-0 e5 7. c3 Be7 8. Rd1 0-0 9. h3 Re8 10. d3 Bf8 11. Nbd2 b6 12. Nf1 h6 13. b3 Bb7 14. Bb2 g6 15. g4 Bg7 16. Ng3 d5 17. Nh2 d4 18. c4 Qc7 19. Rf1 Nd8 20. Bc1 Ne6 21. Qc2 Bf8 22. Ne2 Nf4 23. Nxf4 exf4 24. Bd2 g5 25. f3 Nd7 26. Kf2 Ne5 27. Rh1 Ng6 28. Ke2 Kg7 29. Be1 Be7 30. Bf2 Qd6 31. Nf1 Rh8 32. Nd2 h5 33. Rh2 Rh6 34. Rah1 Rah8 35. Kf1 Bc8 36. Kg1 Be6 37. Qd1 Ne5 38. Qe2 a6 39. Nf1 b5 40. Be1 b4 41. Nd2 a5 42. Bf1 Bd7 43. Bf2 hxg4 44. hxg4 Rxh2 45. Rxh2 Rxh2 46. Kxh2 Nxg4+ 47. Kg1 Ne3 48. Bg2 Bf6 49. Nf1 a4 50. Nh2 Qa6 51. Bxe3 dxe3 52. Ng4 axb3 53. axb3 Bd4 54. Kh2 Qa1 55. Bf1 Qb1 56. Qg2 Qxb3 57. e5 Qb2 58. Be2 Bxe5 59. Kg1 Bf6 0-1

[Event "London Classic op 7th"]
[Site "London"]
[Date "2015.12.11"]
[Round "9"]
[White "Peiris, TGM"]
[Black "Cordes, Hans Joerg"]
[Result "1/2-1/2"]
[WhiteElo "2099"]
[BlackElo "2250"]
[PlyCount "111"]
[EventDate "2015.12.04"]
[EventType "swiss"]
[EventRounds "9"]
[EventCountry "ENG"]
[SourceTitle "CBM 169 Extra"]
[Source "ChessBase"]
[SourceDate "2015.12.18"]
[SourceVersion "1"]
[SourceVersionDate "2015.12.18"]
[SourceQuality "1"]

1. e4 e6 2. d4 d5 3. Nd2 Be7 4. c3 c5 5. dxc5 Nf6 6. Bd3 a5 7. Qe2 Na6 8. e5 Nd7 9. Ngf3 Naxc5 10. Bc2 b6 11. 0-0 Ba6 12. c4 dxc4 13. Nxc4 b5 14. Ne3 Qc7 15. b3 Nxe5 16. Bb2 Bf6 17. Nxe5 Bxe5 18. Nd5 Bxh2+ 19. Kh1 Qd8 20. Kxh2 Qxd5 21. Bxg7 b4 22. Qg4 h5 23. Qh3 Rg8 24. Rfd1 Qg5 25. Bd4 Be2 26. Be3 Qe5+ 27. f4 Qc3 28. Rdc1 Bg4 29. Qg3 Nd3 30. Bxd3 Qxd3 31. Rc7 Rd8 32. Rac1 Kf8 33. Ra7 Rd7 34. Rxa5 Rg6 35. Rc8+ Kg7 36. Raa8 f6 37. Rg8+ Kh7 38. Rh8+ Kg7 39. Rag8+ Kf7 40. Rf8+ Kg7 41. Rb8 Qe4 42. f5 Qxf5 43. Rbg8+ Kf7 44. Qb8 Qe5+ 45. Qxe5 fxe5 46. Rh7+ Kxg8 47. Rxd7 Rg7 48. Rxg7+ Kxg7 49. Bd2 Bf5 50. Bxb4 Bb1 51. a4 Bc2 52. a5 Bxb3 53. g3 Bc4 54. Kg2 Kf6 55. Kf3 Kf5 56. Bd6 1/2-1/2

[Event "London Classic op 7th"]
[Site "London"]
[Date "2015.12.08"]
[Round "6"]
[White "Cederstam Barsk, Carl"]
[Black "Peiris, TGM"]
[Result "0-1"]
[WhiteElo "2299"]
[BlackElo "2099"]
[PlyCount "128"]
[EventDate "2015.12.04"]
[EventType "swiss"]
[EventRounds "9"]
[EventCountry "ENG"]
[SourceTitle "CBM 169 Extra"]
[Source "ChessBase"]
[SourceDate "2015.12.18"]
[SourceVersion "1"]
[SourceVersionDate "2015.12.18"]
[SourceQuality "1"]

1. d4 Nf6 2. c4 e6 3. Nc3 Bb4 4. Qc2 0-0 5. Nf3 c5 6. dxc5 Na6 7. g3 Nxc5 8. Bg2 b6 9. 0-0 Bb7 10. Bf4 Bxc3 11. Qxc3 d5 12. Rad1 Qe7 13. Qa3 Rfd8 14. cxd5 Bxd5 15. Rd4 Qb7 16. Rfd1 Re8 17. Bf1 Bxf3 18. exf3 e5 19. Bxe5 Rxe5 20. f4 Ree8 21. Bg2 Qc8 22. Bxa8 Qxa8 23. b4 Ne6 24. Rd6 g6 25. Qd3 Kg7 26. Qc3 Rc8 27. Qa1 Rc2 28. R1d2 Rxd2 29. Rxd2 Qe4 30. Qb2 h5 31. Re2 Qd5 32. Rd2 Qf3 33. Qe5 h4 34. Qe3 Qg4 35. Qe5 h3 36. Rd3 Nf8 37. f3 Qc8 38. Qc3 Qe6 39. Qd2 b5 40. Kf2 Qb6+ 41. Qe3 Qc7 42. Qc5 Qb7 43. Ra3 a6 44. Rc3 Qd7 45. Rc2 Qd1 46. Qc3 Ne6 47. Rd2 Qh1 48. Ke3 Qg1+ 49. Kd3 Qb1+ 50. Ke2 g5 51. Qb2 Qh1 52. f5 Qxh2+ 53. Kd3 Qxg3 54. fxe6 Qxf3+ 55. Kc2 fxe6 56. a3 g4 57. Kc1 g3 58. Qe5 g2 59. Qg5+ Kf7 60. Rc2 Qxa3+ 61. Kb1 Qxb4+ 62. Ka2 Qa4+ 63. Kb2 Qd4+ 64. Ka2 Qd5+ 0-1

[Event "London Classic op 7th"]
[Site "London"]
[Date "2015.12.05"]
[Round "3"]
[White "Peiris, TGM"]
[Black "Papp, Petra"]
[Result "1/2-1/2"]
[WhiteElo "2099"]
[BlackElo "2336"]
[PlyCount "40"]
[EventDate "2015.12.04"]
[EventType "swiss"]
[EventRounds "9"]
[EventCountry "ENG"]
[SourceTitle "CBM 169 Extra"]
[Source "ChessBase"]
[SourceDate "2015.12.18"]
[SourceVersion "1"]
[SourceVersionDate "2015.12.18"]
[SourceQuality "1"]

1. e4 c5 2. Nf3 d6 3. d4 cxd4 4. Nxd4 Nf6 5. Nc3 a6 6. Bg5 Nbd7 7. Qe2 Qc7 8. 0-0-0 e6 9. f3 b5 10. Qd2 b4 11. Na4 Rb8 12. Kb1 Be7 13. g4 0-0 14. Bxf6 Bxf6 15. g5 Be7 16. b3 Nc5 17. Nb2 Bd7 18. h4 a5 19. Bc4 a4 20. Rdg1 Ra8 1/2-1/2

[Event "London Classic op 7th"]
[Site "London"]
[Date "2015.12.04"]
[Round "1"]
[White "Peiris, TGM"]
[Black "Baron, Tal"]
[Result "1/2-1/2"]
[WhiteElo "2099"]
[BlackElo "2544"]
[PlyCount "58"]
[EventDate "2015.12.04"]
[EventType "swiss"]
[EventRounds "9"]
[EventCountry "ENG"]
[SourceTitle "CBM 169 Extra"]
[Source "ChessBase"]
[SourceDate "2015.12.18"]
[SourceVersion "1"]
[SourceVersionDate "2015.12.18"]
[SourceQuality "1"]

1. d4 Nf6 2. c4 e6 3. Nf3 d5 4. e3 Be7 5. Nc3 0-0 6. Qc2 b6 7. cxd5 exd5 8. Bd3 c5 9. dxc5 bxc5 10. 0-0 Nc6 11. a3 Bg4 12. Rd1 Qd7 13. Be2 Rac8 14. b3 Rfd8 15. Bb2 Qe6 16. Re1 Rb8 17. Na4 Ne4 18. Rab1 Qg6 19. Ne5 Nxe5 20. Bxe5 Bf5 21. Bxb8 Ng3 22. Qd2 Nxe2+ 23. Qxe2 Bxb1 24. Bxa7 Bd3 25. Qd2 Rc8 26. Nc3 Rd8 27. Rd1 Bc2 28. Nxd5 Rxd5 29. Qxd5 h6 1/2-1/2

[Event "Hampstead op 34th"]
[Site "Hampstead"]
[Date "2015.11.28"]
[Round "2"]
[White "Oyama, Akito"]
[Black "Peiris, TGM"]
[Result "0-1"]
[WhiteElo "2005"]
[BlackElo "2099"]
[PlyCount "106"]
[EventDate "2015.11.28"]
[EventType "swiss"]
[EventRounds "5"]
[EventCountry "ENG"]
[SourceTitle "CBM 169 Extra"]
[Source "ChessBase"]
[SourceDate "2015.12.18"]
[SourceVersion "1"]
[SourceVersionDate "2015.12.18"]
[SourceQuality "1"]

1. e4 c5 2. Nc3 Nc6 3. Bb5 g6 4. Bxc6 dxc6 5. d3 Bg7 6. f4 Nf6 7. Be3 Qa5 8. h3 c4 9. Nf3 0-0 10. 0-0 b5 11. Ne5 Bb7 12. a4 b4 13. Nxc4 Qa6 14. Na2 c5 15. Ne5 Rac8 16. b3 Rfd8 17. Qe1 Nd7 18. Nxd7 Rxd7 19. Rd1 Qc6 20. Qf2 Bd4 21. Rde1 f5 22. e5 a5 23. Kh2 e6 24. Nc1 h6 25. Rg1 Kh7 26. Ne2 Rg8 27. g4 Qd5 28. Ng3 Rdg7 29. g5 hxg5 30. Nf1 Rh8 31. Rxg5 Qh1+ 32. Kg3 Kg8 33. Nh2 Qd5 34. Bxd4 cxd4 35. Nf3 Qxf3+ 36. Qxf3 Bxf3 37. Kxf3 Rxh3+ 38. Kg2 Rh5 39. Rxh5 gxh5+ 40. Kf3 h4 41. Re2 Rg3+ 42. Kf2 Kf7 43. Re1 Kg6 44. Rh1 Kh5 45. Rh2 Kg4 46. Rh1 h3 47. Rd1 Kxf4 48. c4 bxc3 49. b4 axb4 50. a5 Rg2+ 51. Kf1 Ra2 52. Rb1 h2 53. Rxb4 h1R# 0-1

[Event "Hampstead op 34th"]
[Site "Hampstead"]
[Date "2015.11.28"]
[Round "1"]
[White "Peiris, TGM"]
[Black "Faldon, David J"]
[Result "1-0"]
[WhiteElo "2099"]
[BlackElo "1955"]
[PlyCount "51"]
[EventDate "2015.11.28"]
[EventType "swiss"]
[EventRounds "5"]
[EventCountry "ENG"]
[SourceTitle "CBM 169 Extra"]
[Source "ChessBase"]
[SourceDate "2015.12.18"]
[SourceVersion "1"]
[SourceVersionDate "2015.12.18"]
[SourceQuality "1"]

1. e4 e6 2. d4 d5 3. Nd2 dxe4 4. Nxe4 Nf6 5. Nxf6+ gxf6 6. Nf3 Nc6 7. Be3 b6 8. Bb5 Bb7 9. Qe2 Qd5 10. c4 Bb4+ 11. Kf1 Qe4 12. d5 0-0-0 13. dxc6 Bxc6 14. Bxc6 Qxc6 15. g3 h5 16. h4 e5 17. Kg2 f5 18. Rhd1 f4 19. Rxd8+ Rxd8 20. gxf4 Rg8+ 21. Kh2 Bd6 22. Rg1 Re8 23. Nxe5 Qe4 24. Qxh5 Re7 25. Qg4+ Kb7 26. Qg2 1-0

[Event "Hampstead op 30th"]
[Site "Hampstead"]
[Date "2015.07.04"]
[Round "2"]
[White "Fordham, Nicholas"]
[Black "Peiris, TGM"]
[Result "0-1"]
[WhiteElo "1932"]
[BlackElo "2114"]
[PlyCount "80"]
[EventDate "2015.07.04"]
[EventType "swiss"]
[EventRounds "5"]
[EventCountry "ENG"]
[SourceTitle "CBM 167 Extra"]
[Source "ChessBase"]
[SourceDate "2015.09.14"]
[SourceVersion "1"]
[SourceVersionDate "2015.09.14"]
[SourceQuality "1"]

1. b3 e5 2. e3 d5 3. Bb2 Bd6 4. f4 Qe7 5. Nf3 Nd7 6. c4 Ngf6 7. fxe5 Nxe5 8. Be2 c6 9. 0-0 0-0 10. cxd5 Nxd5 11. Nc3 Bg4 12. Nxd5 cxd5 13. Nxe5 Bxe2 14. Qxe2 Bxe5 15. Bxe5 Qxe5 16. Rac1 f5 17. Qb5 Rf7 18. Rc5 Rd8 19. Rfc1 f4 20. Rc8 Rdf8 21. Rxf8+ Rxf8 22. exf4 Qd4+ 23. Kh1 Qxd2 24. Rf1 b6 25. f5 h6 26. h3 Qd4 27. Qd7 a5 28. Qe6+ Kh8 29. f6 Rxf6 30. Rxf6 gxf6 31. Qf7 Qa1+ 32. Kh2 Qe5+ 33. Kh1 h5 34. a4 d4 35. Qf8+ Kh7 36. Qd8 Kg6 37. Qg8+ Kf5 38. g4+ Kf4 39. Qg6 Qe1+ 40. Kh2 Qg3+ 0-1

[Event "Asia zt 3.2"]
[Site "Colombo"]
[Date "2013.02.07"]
[Round "7"]
[White "Peiris, TGM"]
[Black "Ali, Abdulrazaq"]
[Result "1-0"]
[WhiteElo "1986"]
[BlackElo "1904"]
[PlyCount "71"]
[EventDate "2013.02.03"]
[EventType "swiss"]
[EventRounds "9"]
[EventCountry "SRI"]
[SourceTitle "CBM 153 Extra"]
[Source "ChessBase"]
[SourceDate "2013.04.22"]
[SourceVersion "1"]
[SourceVersionDate "2013.04.22"]
[SourceQuality "1"]

1. e4 e6 2. d4 d5 3. Nd2 c6 4. c3 Ne7 5. e5 c5 6. f4 Nf5 7. Ndf3 Nc6 8. Ne2 cxd4 9. cxd4 Bb4+ 10. Kf2 Ba5 11. Ng3 Nfxd4 12. Nxd4 Nxd4 13. Be3 Nc6 14. Nh5 d4 15. Bc1 Rg8 16. Bd3 Qh4+ 17. g3 Qh3 18. Be2 d3 19. Bg4 Bb6+ 20. Be3 Bxe3+ 21. Kf3 Nd4+ 22. Kxe3 Qg2 23. Kxd4 Qxb2+ 24. Ke3 Ke7 25. Qb3 Qxb3 26. axb3 f6 27. Bf3 Kf7 28. Rhd1 Rd8 29. Rxd3 Rxd3+ 30. Kxd3 a6 31. Rc1 Bd7 32. Rc7 Rd8 33. Ke3 b5 34. Bc6 Kg6 35. Rxd7 Rxd7 36. Bxd7 1-0

[Event "Asia zt 3.2"]
[Site "Colombo"]
[Date "2013.02.04"]
[Round "3"]
[White "Peiris, TGM"]
[Black "Weerawardane, Romesh"]
[Result "0-1"]
[WhiteElo "1986"]
[BlackElo "2106"]
[PlyCount "82"]
[EventDate "2013.02.03"]
[EventType "swiss"]
[EventRounds "9"]
[EventCountry "SRI"]
[SourceTitle "CBM 153 Extra"]
[Source "ChessBase"]
[SourceDate "2013.04.22"]
[SourceVersion "1"]
[SourceVersionDate "2013.04.22"]
[SourceQuality "1"]

1. e4 c5 2. Nc3 Nc6 3. g3 g6 4. Bg2 Bg7 5. d3 d6 6. Be3 e5 7. Qd2 Nge7 8. Bh6 Bxh6 9. Qxh6 Nd4 10. Qd2 0-0 11. Nce2 Be6 12. f4 f6 13. c3 Nxe2 14. Nxe2 Rc8 15. 0-0 Kg7 16. Rf2 Qa5 17. a3 b5 18. Raf1 Qb6 19. d4 cxd4 20. cxd4 h6 21. fxe5 dxe5 22. d5 Bd7 23. h3 f5 24. Kh1 Qd6 25. g4 f4 26. Rf3 g5 27. Rc1 h5 28. gxh5 g4 29. hxg4 Bxg4 30. Rxc8 Rxc8 31. Nxf4 exf4 32. Rxf4 Bxh5 33. Qd4+ Kg8 34. e5 Rc1+ 35. Kh2 Qh6 36. d6 Bg4+ 37. Kg3 Nf5+ 38. Rxf5 Bxf5 39. Bd5+ Kf8 40. e6 Qh3+ 41. Kf4 Qg4+ 0-1

[Event "Asia zt 3.2"]
[Site "Colombo"]
[Date "2013.02.03"]
[Round "2"]
[White "Ahmed, Fuad"]
[Black "Peiris, TGM"]
[Result "0-1"]
[WhiteElo "1855"]
[BlackElo "1986"]
[PlyCount "150"]
[EventDate "2013.02.03"]
[EventType "swiss"]
[EventRounds "9"]
[EventCountry "SRI"]
[SourceTitle "CBM 153 Extra"]
[Source "ChessBase"]
[SourceDate "2013.04.22"]
[SourceVersion "1"]
[SourceVersionDate "2013.04.22"]
[SourceQuality "1"]

1. Nf3 Nf6 2. b3 e6 3. Bb2 b6 4. e3 Bb7 5. Be2 d6 6. d4 Nbd7 7. 0-0 Be7 8. Nbd2 0-0 9. c4 c5 10. Qc2 Rc8 11. Rad1 Qc7 12. Bd3 h6 13. Rfe1 Rfd8 14. Ne4 Qb8 15. Nxf6+ Nxf6 16. dxc5 Rxc5 17. e4 Qa8 18. Qe2 Ne8 19. Nd4 a6 20. Bb1 Rcc8 21. f3 Bf6 22. Rd3 b5 23. cxb5 axb5 24. Nxb5 Bxb2 25. Qxb2 Ba6 26. a4 Bxb5 27. axb5 Qb7 28. Red1 Qxb5 29. Qd4 Rc7 30. Rc3 Rdc8 31. Bd3 Qa5 32. b4 Qa4 33. Bc2 Qb5 34. Rxc7 Rxc7 35. Bd3 Qa4 36. Ra1 Qc6 37. b5 Qb7 38. b6 e5 39. Qb4 Rc6 40. Rb1 Nf6 41. Qa5 Nd7 42. Qa7 Qc8 43. b7 Qb8 44. Qa8 Kf8 45. Be2 Ke7 46. Bd1 Rc3 47. Ba4 Qc7 48. b8Q Qc5+ 49. Kf1 Rc1+ 50. Rxc1 Qxc1+ 51. Kf2 Qd2+ 52. Kg3 Qg5+ 53. Kf2 Qd2+ 54. Kf1 Qd3+ 55. Ke1 Qe3+ 56. Kf1 Qd3+ 57. Ke1 Qe3+ 58. Kd1 Qg1+ 59. Kc2 Qxg2+ 60. Kc1 Nxb8 61. Qxb8 Qxh2 62. Qc7+ Kf6 63. Qxd6+ Kg5 64. Qe7+ Kg6 65. Qd6+ Kh5 66. Bd1 Qf4+ 67. Kc2 Kh4 68. Kd3 h5 69. Be2 f6 70. Qc5 g5 71. Qg1 g4 72. fxg4 hxg4 73. Qg2 Qg3+ 74. Qxg3+ Kxg3 75. Kc4 Kf4 0-1

[Event "Asia zt 3.2"]
[Site "Colombo"]
[Date "2013.02.03"]
[Round "1"]
[White "Peiris, TGM"]
[Black "Hossain, Enamul"]
[Result "0-1"]
[WhiteElo "1986"]
[BlackElo "2493"]
[PlyCount "52"]
[EventDate "2013.02.03"]
[EventType "swiss"]
[EventRounds "9"]
[EventCountry "SRI"]
[SourceTitle "CBM 153 Extra"]
[Source "ChessBase"]
[SourceDate "2013.04.22"]
[SourceVersion "1"]
[SourceVersionDate "2013.04.22"]
[SourceQuality "1"]

1. e4 c5 2. c3 e6 3. d4 d5 4. e5 Nc6 5. f4 Nh6 6. Nf3 Bd7 7. Be3 Qb6 8. Qd2 Rc8 9. h3 Nf5 10. Bf2 cxd4 11. cxd4 h5 12. Nc3 Be7 13. Be2 Na5 14. 0-0 Nc4 15. Bxc4 Rxc4 16. b3 Rc7 17. Rfc1 Ba3 18. Rc2 0-0 19. Na4 Bxa4 20. Rxc7 Qxc7 21. bxa4 Rc8 22. Qd3 Bc1 23. g4 hxg4 24. hxg4 Nh4 25. Ng5 Qc2 26. Qxc2 Rxc2 0-1

[Event "Olympiad-38"]
[Site "Dresden"]
[Date "2008.11.20"]
[Round "7"]
[White "Djuraev, Sokhib"]
[Black "Peiris, TGM"]
[Result "1-0"]
[WhiteElo "2339"]
[BlackElo "2100"]
[PlyCount "148"]
[EventDate "2008.11.13"]
[EventType "team-swiss"]
[EventRounds "11"]
[EventCountry "GER"]
[SourceTitle "CBM 128"]
[Source "ChessBase"]
[SourceDate "2009.01.28"]
[SourceVersion "1"]
[SourceVersionDate "2009.01.28"]
[SourceQuality "1"]
[WhiteTeam "Tajikistan"]
[BlackTeam "Sri Lanka"]
[WhiteTeamCountry "TJK"]
[BlackTeamCountry "SRI"]

1. e4 c5 2. Nf3 d6 3. d4 cxd4 4. Nxd4 Nf6 5. f3 Nc6 6. c4 e6 7. Nc3 Be7 8. Be3 0-0 9. Be2 d5 10. exd5 exd5 11. 0-0 Bc5 12. Kh1 Nxd4 13. Bxd4 Bxd4 14. Qxd4 dxc4 15. Qxd8 Rxd8 16. Bxc4 Bd7 17. Rfd1 Bc6 18. Kg1 Kf8 19. Kf2 Rac8 20. Bb3 Rd7 21. Rxd7 Nxd7 22. Ne2 Nc5 23. Rd1 g6 24. h4 h5 25. Bc2 Ne6 26. Bb3 Nc5 27. Rd2 Ke7 28. Nd4 Bd7 29. Bc2 Ne6 30. Ne2 Rc4 31. g3 Rc5 32. b4 Rc7 33. Bb3 b6 34. Rd5 Kf6 35. Rd2 Bc8 36. a3 Ke7 37. Bxe6 Bxe6 38. Nd4 Rc3 39. Nb5 Rb3 40. Nxa7 Rxa3 41. Nc6+ Kf6 42. Rd8 b5 43. Rd4 Bc4 44. Rd6+ Kg7 45. Rd4 Rb3 46. g4 hxg4 47. fxg4 Kf6 48. Rd6+ Be6 49. g5+ Kg7 50. Rd4 Bc4 51. Ke1 Rb2 52. Kd1 Bb3+ 53. Ke1 Bc4 54. Rd2 Rxd2 55. Kxd2 f5 56. Ne5 Bf1 57. Ke3 Bg2 58. Kd4 Bf1 59. Nd7 Kf7 60. Ke5 Be2 61. Nc5 Bc4 62. Nd7 Be2 63. Kd5 Bc4+ 64. Kd4 Be2 65. Ke3 Bf1 66. Ne5+ Kg7 67. Kf2 Bh3 68. Nc6 Kf7 69. Nd4 Ke7 70. Nxb5 Ke6 71. Nd4+ Kd5 72. Ne2 Kc4 73. Nf4 Bg4 74. h5 Kd4 1-0